| 000 | 00472nam a2200121Ia 4500 | ||
|---|---|---|---|
| 008 | 160712s9999 xx 000 0 und d | ||
| 100 | _aNavarro, Atoy M. | ||
| 245 |
_cAtoy M. Navarro & Adonis L. Elumbre _aLabindalawang Taon ng Makakaliwang Grupong Party-list sa Kongresong Pilipino |
||
| 260 |
_c2011 _bPhilippine Social Sciences Review |
||
| 300 | _avol. 63 no. 1 | ||
| 650 | _xSOCIAL SCIENCES | ||
| 856 | _uhttp://journals.upd.edu.ph/index.php/pssr/issue/view/302/showToc | ||
| 999 |
_c297682 _d297682 |
||